[Event "zonal 2.5 (w)"]
[Site "Potrero de los Funes ARG"]
[Date "2007.03.19"]
[Round "1"]
[White "Maggiolo, Elisa"]
[Black "Colautti Grosso, Marcela"]
[Result "1-0"]
[WhiteElo "2081"]
[BlackElo "1916"]
[EventDate "2007.03.19"]
[PlyCount "69"]

1.d4 e6 2.e4 d5 3.e5 c5 4.c3 Nc6 5.Nf3 Qb6 6.Be2 Nge7 7.dxc5 Qxc5 8.Bf4 
Ng6 9.Bg3 b5 10.O-O a6 11.Re1 Qb6 12.h4 Bb7 13.Nbd2 Nge7 14.Bd3 g6 15.Nb3 
Nf5 16.Bf4 Bh6 17.Ng5 Nxh4 18.Nxe6 fxe6 19.Bxh6 O-O-O 20.Bg7 Rhf8 21.Bxf8 
Rxf8 22.Qd2 d4 23.Qh6 Qd8 24.Nc5 Qe7 25.Nxb7 Kxb7 26.a4 dxc3 27.axb5 axb5 
28.bxc3 g5 29.Bxb5 Qc5 30.Bxc6+ Qxc6 31.Qxh7+ Kc8 32.Qe4 Qxe4 33.Rxe4 Kd7 
34.Rd4+ Ke7 35.Ra7+ 1-0

[Event "zonal 2.5 (w)"]
[Site "Potrero de los Funes ARG"]
[Date "2007.03.19"]
[Round "1"]
[White "Quinones Mena, Jeannette"]
[Black "Sarquis, Maria Belen"]
[Result "0-1"]
[WhiteElo "2056"]
[BlackElo "2182"]
[EventDate "2007.03.19"]
[PlyCount "78"]

1.e4 c5 2.Nf3 Nc6 3.d4 cxd4 4.Nxd4 e5 5.Nb5 d6 6.N1c3 a6 7.Na3 b5 8.Nd5 
Nge7 9.c3 Nxd5 10.Qxd5 Bb7 11.Be2 Be7 12.O-O Rc8 13.Qd1 Nb8 14.Bf3 Nd7 15.
Nc2 Nc5 16.Re1 a5 17.Qe2 Bc6 18.g3 O-O 19.Bg2 Qd7 20.Bf3 Qb7 21.Bg4 Nxe4 
22.Bxc8 Qxc8 23.f3 Nc5 24.Be3 Ne6 25.Rad1 f5 26.f4 Qe8 27.Bc1 Be4 28.Rf1 
h5 29.h4 Qg6 30.Kh2 exf4 31.Bxf4 Nxf4 32.gxf4 Qf6 33.Qf2 Bxc2 34.Qxc2 
Qxh4+ 35.Kg1 Rf6 36.Qh2 Rg6+ 37.Kh1 Qg4 38.Rd2 Bh4 39.Qe2 Qh3+ 0-1

[Event "zonal 2.5 (w)"]
[Site "Potrero de los Funes ARG"]
[Date "2007.03.20"]
[Round "2"]
[White "Amura, Claudia"]
[Black "Colautti Grosso, Marcela"]
[Result "1-0"]
[WhiteElo "2357"]
[BlackElo "1916"]
[EventDate "2007.03.19"]
[PlyCount "105"]

1.d4 d5 2.c4 e6 3.Nc3 Be7 4.Nf3 Nf6 5.Bg5 c6 6.cxd5 exd5 7.Qc2 g6 8.e3 Bf5
9.Bd3 Ne4 10.Bf4 Nd7 11.Nxe4 dxe4 12.Bxe4 Qa5+ 13.Nd2 Bxe4 14.Qxe4 Nf6 15.
Qe5 Qxe5 16.Bxe5 O-O 17.Bxf6 Bxf6 18.O-O Rfd8 19.Rfc1 Rd5 20.Rab1 Be7 21.
Ne4 Rad8 22.b4 Kg7 23.g3 h6 24.Rb3 a6 25.Nc5 Rb8 26.Nd3 Rbd8 27.Kg2 Kf8 
28.Kf3 Kg7 29.h4 Bd6 30.a4 Re8 31.Nb2 Re7 32.Rc4 f5 33.Rc1 Kf6 34.Nd1 Bb8 
35.Nc3 Rd6 36.b5 axb5 37.axb5 Kf7 38.bxc6 Rxc6 39.Rcb1 Bd6 40.Nd5 Rd7 41.
Rxb7 Rxb7 42.Rxb7+ Ke6 43.Nf4+ Kf6 44.Nd3 Ke6 45.Rh7 h5 46.Nf4+ Kf6 47.Rb7
Ra6 48.Nd5+ Ke6 49.Nc7+ Bxc7 50.Rxc7 Kf6 51.Kf4 Re6 52.f3 Rd6 53.Rc4 1-0

[Event "zonal 2.5 (w)"]
[Site "Potrero de los Funes ARG"]
[Date "2007.03.20"]
[Round "2"]
[White "Nejanky, Maisa"]
[Black "Quinones Mena, Jeannette"]
[Result "1-0"]
[WhiteElo "2068"]
[BlackElo "2056"]
[EventDate "2007.03.19"]
[PlyCount "51"]

1.e4 e5 2.Nf3 Nc6 3.d4 exd4 4.Nxd4 Nf6 5.e5 Qe7 6.Nxc6 bxc6 7.Qe2 Nd5 8.c4
Nb6 9.g3 g6 10.b3 Bg7 11.f4 O-O 12.Bg2 Re8 13.Ba3 Qd8 14.O-O f6 15.Nd2 Bb7
16.Nf3 fxe5 17.fxe5 d6 18.e6 Bxa1 19.Rxa1 c5 20.Bb2 Nd7 21.Qe3 Nf6 22.Ng5 
Bxg2 23.Kxg2 Qe7 24.Rf1 Rf8 25.Qc3 h6 26.Ne4 1-0

[Event "zonal 2.5 (w)"]
[Site "Potrero de los Funes ARG"]
[Date "2007.03.20"]
[Round "2"]
[White "Sarquis, Maria Belen"]
[Black "Burijovich, Liliana"]
[Result "0-1"]
[WhiteElo "2182"]
[BlackElo "2210"]
[EventDate "2007.03.19"]
[PlyCount "57"]

1.e4 c5 2.Nf3 e6 3.d4 cxd4 4.Nxd4 Qb6 5.Nb3 Qc7 6.Bd3 a6 7.c4 Nf6 8.O-O b6
9.Nc3 Bb7 10.Qe2 d6 11.Bd2 Be7 12.Rae1 Nbd7 13.f4 e5 14.f5 h6 15.Na1 Nc5 
16.Nc2 Rc8 17.b3 O-O 18.Kh1 Rfe8 19.h3 b5 20.Nxb5 Nxd3 21.Qxd3 axb5 22.Nb4
Qc5 23.a3 Qd4 24.Qxd4 exd4 25.Nd5 Nh5 26.Bf4 Bh4 27.Bxd6 Bxd5 28.cxd5 d3 
29.Rd1 0-1

[Event "zonal 2.5 (w)"]
[Site "Potrero de los Funes ARG"]
[Date "2007.03.21"]
[Round "3"]
[White "Burijovich, Liliana"]
[Black "Nejanky, Maisa"]
[Result "1/2-1/2"]
[WhiteElo "2210"]
[BlackElo "2068"]
[EventDate "2007.03.19"]
[PlyCount "63"]

1.e4 c5 2.Nf3 d6 3.d4 Nf6 4.Nc3 cxd4 5.Nxd4 Nc6 6.Be2 g6 7.O-O Bg7 8.Nb3 
O-O 9.Be3 Be6 10.f4 Qc8 11.Kh1 Rd8 12.Bg1 d5 13.e5 Ne4 14.Bd3 f6 15.exf6 
Nxc3 16.bxc3 Bxf6 17.Nd4 Bg4 18.Qd2 e6 19.Rae1 Bh4 20.Bf2 Bf6 21.Nxc6 Qxc6
22.Bd4 Rf8 23.Qe3 b6 24.h3 Bf5 25.a4 Bxd3 26.cxd3 Rae8 27.Bxf6 Rxf6 28.Qd4
Rf7 29.Re5 Qc5 30.Qxc5 bxc5 31.g3 Rb7 32.Rfe1 1/2-1/2

[Event "zonal 2.5 (w)"]
[Site "Potrero de los Funes ARG"]
[Date "2007.03.21"]
[Round "3"]
[White "Maggiolo, Elisa"]
[Black "Sarquis, Maria Belen"]
[Result "1-0"]
[WhiteElo "2081"]
[BlackElo "2182"]
[EventDate "2007.03.19"]
[PlyCount "123"]

1.e4 e5 2.Nf3 Nc6 3.Bb5 Nf6 4.d3 d6 5.h3 g6 6.O-O Bg7 7.c3 O-O 8.Re1 h6 9.
d4 Qe7 10.Bxc6 bxc6 11.dxe5 dxe5 12.Qa4 Bd7 13.Qa5 Nh5 14.Qxc7 Rfc8 15.Qa5
Qf6 16.Nh2 Nf4 17.Bxf4 exf4 18.Nd2 h5 19.Qc5 Rcb8 20.e5 Qf5 21.Nc4 g5 22.
f3 Qg6 23.Rad1 Be6 24.Rd2 Rb5 25.Qxc6 Rab8 26.b3 Bxc4 27.Qxc4 Rxe5 28.Rxe5
Bxe5 29.Rd5 Re8 30.Nf1 g4 31.hxg4 hxg4 32.Qd3 Qb6+ 33.Kh1 Qh6+ 34.Kg1 Qb6+
35.Kh1 Kg7 36.fxg4 f3 37.Ne3 Rh8+ 38.Kg1 Bf4 39.Rd4 Bh2+ 40.Kf2 fxg2 41.
Kxg2 Be5 42.Re4 Qf6 43.Nf5+ Kg6 44.Re3 Rh2+ 45.Kg1 Kg5 46.Qd5 Bf4 47.Re4 
Rd2 48.Rd4 Rxd4 49.Nxd4+ Kxg4 50.Qf3+ Kh4 51.a4 Qg6+ 52.Kf2 Bg3+ 53.Ke3 
Qg5+ 54.Kd3 Bf4 55.b4 Qe5 56.a5 Kg5 57.Qh3 Kf6 58.b5 Kg7 59.a6 Kg6 60.Qg4+
Kf6 61.Qd7 Qe3+ 62.Kc4 1-0

[Event "zonal 2.5 (w)"]
[Site "Potrero de los Funes ARG"]
[Date "2007.03.22"]
[Round "4"]
[White "Nejanky, Maisa"]
[Black "Maggiolo, Elisa"]
[Result "0-1"]
[WhiteElo "2068"]
[BlackElo "2081"]
[EventDate "2007.03.19"]
[PlyCount "50"]

1.e4 c5 2.Nf3 Nc6 3.d4 cxd4 4.Nxd4 Nf6 5.Nc3 e5 6.Ndb5 d6 7.Bg5 a6 8.Na3 
b5 9.Bxf6 gxf6 10.Nd5 f5 11.exf5 Nd4 12.c3 Nxf5 13.Bxb5+ axb5 14.Nxb5 Qg5 
15.Ndc7+ Kd8 16.Qd5 Rb8 17.Qxf7 Be7 18.Qd5 Rf8 19.O-O Rf6 20.f4 exf4 21.
Nd4 Kxc7 22.Rae1 Rg6 23.Qa5+ Rb6 24.Qa7+ Bb7 25.Rf2 Ne3 0-1

[Event "zonal 2.5 (w)"]
[Site "Potrero de los Funes ARG"]
[Date "2007.03.22"]
[Round "4"]
[White "Quinones Mena, Jeannette"]
[Black "Burijovich, Liliana"]
[Result "0-1"]
[WhiteElo "2056"]
[BlackElo "2210"]
[EventDate "2007.03.19"]
[PlyCount "58"]

1.e4 c5 2.Nf3 Nc6 3.d4 cxd4 4.Nxd4 Qb6 5.Nb5 Nf6 6.Be3 Qd8 7.N1c3 d6 8.Be2
a6 9.Nd4 e6 10.Qd2 Be7 11.g4 Ne5 12.Rg1 d5 13.g5 Nxe4 14.Nxe4 dxe4 15.Qc3 
Qd6 16.a3 Bd7 17.O-O-O Rc8 18.Qb3 Qd5 19.Qxd5 exd5 20.f4 Nc4 21.Bf2 O-O 
22.h4 Bd6 23.Bg3 Ne3 24.Rd2 f5 25.c3 Kf7 26.Kb1 Ke7 27.Nc2 Nxc2 28.Rxc2 
Bc5 29.Rd1 Ba4 0-1

[Event "zonal 2.5 (w)"]
[Site "Potrero de los Funes ARG"]
[Date "2007.03.22"]
[Round "4"]
[White "Sarquis, Maria Belen"]
[Black "Colautti Grosso, Marcela"]
[Result "0-1"]
[WhiteElo "2182"]
[BlackElo "1916"]
[EventDate "2007.03.19"]
[PlyCount "70"]

1.e4 e6 2.d4 d5 3.Nd2 Nf6 4.e5 Nfd7 5.Bd3 c5 6.c3 Nc6 7.Ne2 Qb6 8.Nf3 Be7 
9.O-O a6 10.Re1 c4 11.Bc2 Nf8 12.Nd2 Qc7 13.f4 b5 14.Nf1 Qb6 15.Ne3 g6 16.
Kh1 Bb7 17.Ng1 b4 18.Nf3 a5 19.Ng4 h6 20.Ba4 Nd7 21.Ne3 O-O-O 22.Bd2 Qa6 
23.Bc2 Nb6 24.b3 Kb8 25.Qe2 bxc3 26.Bxc3 Bb4 27.Bxb4 Nxb4 28.Bb1 Rc8 29.
Rc1 cxb3 30.Qd2 Rxc1+ 31.Qxc1 Rc8 32.Qd2 Nc4 33.Nxc4 dxc4 34.Qc1 b2 35.
Qxb2 c3 0-1

[Event "zonal 2.5 (w)"]
[Site "Potrero de los Funes ARG"]
[Date "2007.03.23"]
[Round "5"]
[White "Colautti Grosso, Marcela"]
[Black "Nejanky, Maisa"]
[Result "0-1"]
[WhiteElo "1916"]
[BlackElo "2068"]
[EventDate "2007.03.19"]
[PlyCount "72"]

1.d4 f5 2.c4 e6 3.Nc3 d5 4.Bf4 c6 5.Nf3 Nf6 6.e3 Be7 7.h3 Ne4 8.Ne5 O-O 9.
h4 Nd7 10.Nf3 Qa5 11.Qc2 Bb4 12.Rc1 Qxa2 13.Bd3 Bxc3+ 14.bxc3 Qxc2 15.Rxc2
b6 16.O-O Ba6 17.Ra1 Bxc4 18.Bxc4 dxc4 19.Ne1 a5 20.f3 Nef6 21.Rca2 Nd5 
22.Ra4 Rfc8 23.Nc2 Nxc3 24.Rxc4 Ne2+ 25.Kf2 b5 26.Kxe2 bxc4 27.Na3 Nb6 28.
Bd6 Kf7 29.Rc1 a4 30.Bc5 Rcb8 31.Kd2 c3+ 32.Rxc3 Nd5 33.Rc2 Rb3 34.e4 fxe4
35.fxe4 Nf4 36.Kc1 Nd3+ 0-1

[Event "zonal 2.5 (w)"]
[Site "Potrero de los Funes ARG"]
[Date "2007.03.23"]
[Round "5"]
[White "Maggiolo, Elisa"]
[Black "Quinones Mena, Jeannette"]
[Result "1-0"]
[WhiteElo "2081"]
[BlackElo "2056"]
[EventDate "2007.03.19"]
[PlyCount "57"]

1.e4 e5 2.Nf3 Nc6 3.Bb5 Nf6 4.d3 d6 5.h3 Be7 6.O-O O-O 7.c3 Nb8 8.Re1 c5 
9.Nbd2 Bd7 10.Bxd7 Nbxd7 11.a4 b6 12.Nf1 a6 13.Ng3 g6 14.Qe2 Re8 15.d4 Kg7
16.Bd2 Qc7 17.Qc4 b5 18.axb5 axb5 19.Qxb5 c4 20.Rxa8 Rxa8 21.b3 exd4 22.
Nxd4 Ne5 23.bxc4 Nfd7 24.Nge2 Rb8 25.Qa4 Nd3 26.Rf1 N7e5 27.Nf4 Nb2 28.Qa6
Qxc4 29.Nfe6+ 1-0

[Event "zonal 2.5 (w)"]
[Site "Potrero de los Funes ARG"]
[Date "2007.03.24"]
[Round "6"]
[White "Burijovich, Liliana"]
[Black "Maggiolo, Elisa"]
[Result "1/2-1/2"]
[WhiteElo "2210"]
[BlackElo "2081"]
[EventDate "2007.03.19"]
[PlyCount "184"]

1.e4 c5 2.Nf3 d6 3.d4 cxd4 4.Nxd4 Nf6 5.Nc3 g6 6.Be2 Bg7 7.O-O O-O 8.Be3 
Nc6 9.Nb3 Be6 10.f4 a6 11.f5 Bxb3 12.axb3 Rc8 13.g4 Nb4 14.Ra4 a5 15.Bc4 
Nxe4 16.Nxe4 d5 17.Rxb4 axb4 18.Bxd5 Qc7 19.c4 bxc3 20.bxc3 Rcd8 21.c4 Qe5
22.f6 exf6 23.Qf3 Rfe8 24.Rd1 f5 25.Bd4 Qe7 26.Bxg7 Kxg7 27.Qc3+ Qe5 28.
gxf5 gxf5 29.Qg3+ Qxg3+ 30.Nxg3 Kg6 31.Rf1 Re3 32.Nxf5 Rxb3 33.Bxf7+ Kg5 
34.Ng3 Rf8 35.Rf5+ Kh6 36.Rf6+ Kg7 37.Nh5+ Kh8 38.Kg2 Rc3 39.Rd6 Ra8 40.
Rd2 Rca3 41.Rd7 Rb3 42.Rd2 Rba3 43.Bd5 Rb3 44.Rf2 Re8 45.Rf7 Rg8+ 46.Ng3 
b6 47.Rb7 Rd8 48.Ne4 Ra8 49.Rxh7+ Kxh7 50.Bxa8 Kg6 51.Bd5 Kf5 52.Ng3+ Kf4 
53.Nh5+ Kf5 54.Ng7+ Kg4 55.h3+ Kh4 56.Nf5+ Kg5 57.Nd4 Rd3 58.Nf3+ Kf4 59.
h4 b5 60.h5 bxc4 61.Bxc4 Rxf3 62.h6 Rg3+ 63.Kf2 Rh3 64.Ke2 Rxh6 65.Kd3 
Rd6+ 66.Kc3 Ke4 67.Bb5 Rd8 68.Ba6 Rd7 69.Bb5 Rc7+ 70.Kd2 Kd4 71.Ke2 Rc3 
72.Kf2 Ke4 73.Ba6 Rf3+ 74.Ke2 Rb3 75.Kd2 Re3 76.Bb5 Kd4 77.Kc2 Rc3+ 78.Kb2
Rc5 79.Ba6 Ke3 80.Kb3 Kd4 81.Kb2 Rc6 82.Bf1 Rf6 83.Bh3 Rf2+ 84.Kc1 Kd3 85.
Bg4 Rg2 86.Bf5+ Kc3 87.Kd1 Rf2 88.Bg6 Rh2 89.Ke1 Kd4 90.Kd1 Ke3 91.Kc1 Rd2
92.Bc2 Rxc2+ 1/2-1/2

[Event "zonal 2.5 (w)"]
[Site "Potrero de los Funes ARG"]
[Date "2007.03.24"]
[Round "6"]
[White "Quinones Mena, Jeannette"]
[Black "Colautti Grosso, Marcela"]
[Result "0-1"]
[WhiteElo "2056"]
[BlackElo "1916"]
[EventDate "2007.03.19"]
[PlyCount "52"]

1.e4 d5 2.exd5 Nf6 3.Nc3 Nxd5 4.Nxd5 Qxd5 5.d4 Nc6 6.Nf3 Bg4 7.Be2 O-O-O 
8.c3 e5 9.O-O exd4 10.Nxd4 Bxe2 11.Qxe2 Nxd4 12.cxd4 Bd6 13.a4 Qxd4 14.Be3
Qe5 15.g3 Kb8 16.b4 Rhe8 17.Rfe1 h5 18.Qf3 Qb2 19.Reb1 Qc2 20.Qxh5 Rh8 21.
Qf3 Qh7 22.Rd1 Qxh2+ 23.Kf1 Qh3+ 24.Kg1 Rde8 25.b5 Bxg3 26.fxg3 Rxe3 0-1

[Event "zonal 2.5 (w)"]
[Site "Potrero de los Funes ARG"]
[Date "2007.03.25"]
[Round "7"]
[White "Colautti Grosso, Marcela"]
[Black "Burijovich, Liliana"]
[Result "0-1"]
[WhiteElo "1916"]
[BlackElo "2210"]
[EventDate "2007.03.19"]
[PlyCount "108"]

1.d4 Nf6 2.c4 g6 3.Nc3 Bg7 4.e4 O-O 5.f3 d6 6.Be3 e5 7.d5 Ne8 8.g4 f5 9.
gxf5 gxf5 10.Qd2 c6 11.h4 Nf6 12.dxc6 Nxc6 13.O-O-O Nd4 14.Bxd4 exd4 15.
Qxd4 fxe4 16.fxe4 Ng4 17.Qd5+ Kh8 18.Re1 Nf2 19.Rh2 Be5 20.Rg2 Qxh4 21.Kc2
Ng4 22.Qd2 Be6 23.Be2 Ne3+ 24.Qxe3 Qxe1 25.Nf3 Qh1 26.Rg1 Qh3 27.Qd3 Bg7 
28.Qxd6 Rxf3 29.Bxf3 Qxf3 30.Rxg7 Qf2+ 31.Kc1 Kxg7 32.Qxe6 Rf8 33.Qe5+ Qf6
34.Qc7+ Rf7 35.Qg3+ Kh6 36.Qh3+ Kg6 37.Kc2 h5 38.Qg3+ Qg5 39.Qd6+ Rf6 40.
Qh2 Qe3 41.Qg2+ Kh6 42.Nd1 Qd4 43.b3 Rf4 44.Qg3 Qxe4+ 45.Kd2 h4 46.Qg8 
Qd4+ 47.Kc2 Qf6 48.Kd2 Rd4+ 49.Ke2 Qe5+ 50.Ne3 Qh2+ 51.Ng2 Qe5+ 52.Ne3 Rf4
53.Qc8 Qb2+ 54.Kd3 Rd4# 0-1

[Event "zonal 2.5 (w)"]
[Site "Potrero de los Funes ARG"]
[Date "2007.03.25"]
[Round "7"]
[White "Maggiolo, Elisa"]
[Black "Amura, Claudia"]
[Result "0-1"]
[WhiteElo "2081"]
[BlackElo "2357"]
[EventDate "2007.03.19"]
[PlyCount "70"]

1.e4 g6 2.d4 d6 3.Nc3 Nf6 4.Be3 c6 5.f3 Qb6 6.Rb1 Bg7 7.Qd2 Nbd7 8.h4 h5 
9.Nh3 Qc7 10.Ng5 b5 11.Qf2 Bb7 12.Bd3 a6 13.Qg3 e5 14.O-O O-O 15.Ne2 c5 
16.c3 d5 17.exd5 Nxd5 18.Bd2 exd4 19.f4 dxc3 20.bxc3 Rae8 21.Rbe1 c4 22.
Bb1 Qb6+ 23.Kh1 Ne3 24.Rf2 Ng4 25.Rff1 Nc5 26.Nd4 Rxe1 27.Bxe1 Qd6 28.Bd2 
Re8 29.Ngf3 Ne4 30.Bxe4 Rxe4 31.Re1 b4 32.Rxe4 Bxe4 33.Ng5 Qd5 34.Nxe4 
Qxe4 35.Qe1 bxc3 0-1

[Event "zonal 2.5 (w)"]
[Site "Potrero de los Funes ARG"]
[Date "2007.03.25"]
[Round "7"]
[White "Sarquis, Maria Belen"]
[Black "Nejanky, Maisa"]
[Result "1-0"]
[WhiteElo "2182"]
[BlackElo "2068"]
[EventDate "2007.03.19"]
[PlyCount "133"]

1.e4 c5 2.Nf3 d6 3.d4 Nf6 4.Bd3 c4 5.Bxc4 Nxe4 6.O-O d5 7.Bd3 Nf6 8.h3 Nc6
9.Bf4 e6 10.c3 Bd6 11.Bxd6 Qxd6 12.Re1 Qf4 13.Qd2 Nh5 14.Qxf4 Nxf4 15.Bf1 
f6 16.g3 Ng6 17.Na3 a6 18.h4 Bd7 19.Nc2 Kf7 20.Bh3 Rhe8 21.Ne3 Rad8 22.
Rad1 b5 23.b4 a5 24.a3 Nf8 25.Bf1 Rb8 26.Nd2 a4 27.Nf3 Rec8 28.Re2 Nd8 29.
Rc2 Rb7 30.Ne1 Rbc7 31.Rdc1 Nb7 32.Nd3 Nd6 33.Nc5 Nc4 34.Nxc4 dxc4 35.Re1 
Bc6 36.Rce2 Re8 37.Bh3 Rce7 38.f4 f5 39.Re5 Ng6 40.R5e3 Nf8 41.Kf2 Nd7 42.
Nxd7 Bxd7 43.Bg2 Kf6 44.Re5 g6 45.Bb7 h6 46.Bf3 h5 47.Rc5 Rb8 48.Ree5 Rb6 
49.Rc7 Be8 50.Rc8 Bd7 51.Rcc5 Be8 52.Ke3 Rd6 53.Rc8 Bd7 54.Rb8 Re8 55.Rb7 
Re7 56.Rc5 Be8 57.Rb8 Bd7 58.Rc7 Kf7 59.Rd8 Kf6 60.Rb7 Rf7 61.Rxb5 Bxb5 
62.Rxd6 Rc7 63.d5 Re7 64.Rxe6+ Rxe6+ 65.dxe6 Kxe6 66.Kd4 Kd6 67.Bd5 1-0